[Event "33rd Rilton Cup"]
[Site "Stockholm SWE"]
[Date "2003.12.27"]
[Round "1.9"]
[White "Henriksson, Jacob"]
[Black "Kulaots, Kaido"]
[Result "0-1"]
[WhiteElo "2187"]
[BlackElo "2530"]
[EventDate "2003.12.27"]
[PlyCount "74"]

1.d4 Nf6 2.c4 e6 3.Nc3 Bb4 4.e3 O-O 5.Ne2 d5 6.a3 Be7 7.Nf4 c6 8.Bd3 a6 9.
O-O b5 10.b3 Nbd7 11.Bb2 Bd6 12.Nfe2 bxc4 13.bxc4 dxc4 14.Bxc4 c5 15.Na4 
cxd4 16.Qxd4 Qc7 17.Ng3 Be5 18.Qh4 Bb7 19.Rfc1 Bxb2 20.Nxb2 Rac8 21.Rd1 
Bxg2 22.Kxg2 Qb7+ 23.e4 Qxb2 24.Bxa6 Rc2 25.Qf4 Ne5 26.Be2 Ng6 27.Qe3 Qe5 
28.Qd4 Qg5 29.Kf1 Qh4 30.Kg1 Nf4 31.Bf3 Nh3+ 32.Kf1 Rxf2+ 33.Qxf2 Nxf2 34.
Kxf2 Qxh2+ 35.Bg2 Ng4+ 36.Kf3 Ne5+ 37.Kf2 Qh4 0-1

[Event "33rd Rilton Cup"]
[Site "Stockholm SWE"]
[Date "2003.12.27"]
[Round "1.28"]
[White "Namini, Armin"]
[Black "Bellon Lopez, Juan Manuel"]
[Result "0-1"]
[WhiteElo "2086"]
[BlackElo "2423"]
[EventDate "2003.12.27"]
[PlyCount "76"]

1.d4 Nf6 2.c4 c5 3.d5 a6 4.f3 e6 5.e4 Bd6 6.Nc3 exd5 7.cxd5 Qe7 8.a4 Bc7 
9.Bd3 Ba5 10.Ne2 d6 11.O-O O-O 12.Ng3 h5 13.Bg5 Qe5 14.Qd2 h4 15.Bxh4 Nxd5
16.Nge2 Nxc3 17.bxc3 Nc6 18.f4 Qh5 19.Bg3 Nd4 20.Qe3 Nxe2+ 21.Bxe2 Qh6 22.
Qf3 Qf6 23.Rac1 Bd7 24.f5 Bc6 25.Rfd1 Rad8 26.Qg4 Bxc3 27.Bh4 Bd4+ 28.Kh1 
Qe5 29.Bd3 f6 30.Re1 b5 31.Rf1 c4 32.Bb1 d5 33.exd5 Qxd5 34.Rf3 Be5 35.Rh3
Qd2 36.Rf1 Rd4 37.Qg6 Qe2 38.Rg1 Rg4 0-1

[Event "33rd Rilton Cup"]
[Site "Stockholm SWE"]
[Date "2003.12.27"]
[Round "1.29"]
[White "Poley, Vladimir"]
[Black "Elfstrom, Jorgen"]
[Result "1/2-1/2"]
[WhiteElo "2425"]
[BlackElo "2118"]
[EventDate "2003.12.27"]
[PlyCount "68"]

1.Nf3 d5 2.g3 c5 3.Bg2 Nc6 4.d4 e6 5.O-O Nf6 6.c4 Be7 7.Nc3 O-O 8.cxd5 
exd5 9.Bg5 cxd4 10.Nxd4 h6 11.Bf4 Qb6 12.Ndb5 d4 13.Nc7 dxc3 14.Nxa8 Qxb2 
15.Nc7 c2 16.Qc1 Ba3 17.Nb5 Qxb5 18.Qxa3 Nd4 19.e4 Ne2+ 20.Kh1 Nxf4 21.
gxf4 Qc4 22.Rfe1 Rd8 23.Rac1 Ng4 24.Qxa7 Rd2 25.Rf1 Qe2 26.Kg1 Rd1 27.Qc5 
Rxc1 28.Qxc8+ Kh7 29.Rxc1 Qd1+ 30.Rxd1 cxd1=Q+ 31.Bf1 Qf3 32.Qf5+ Kg8 33.
Qc8+ Kh7 34.Qf5+ Kg8 1/2-1/2

[Event "33rd Rilton Cup"]
[Site "Stockholm SWE"]
[Date "2003.12.27"]
[Round "1.30"]
[White "Larsson, Victor"]
[Black "Hermansson, Emil"]
[Result "1/2-1/2"]
[WhiteElo "2116"]
[BlackElo "2422"]
[EventDate "2003.12.27"]
[PlyCount "75"]

1.e4 c5 2.Nf3 Nc6 3.d4 cxd4 4.Nxd4 e6 5.Be2 Nf6 6.Nc3 Bb4 7.O-O Bxc3 8.
bxc3 Nxe4 9.Nxc6 dxc6 10.Bd3 Nf6 11.Ba3 Qc7 12.Qf3 c5 13.Bb5+ Bd7 14.Rab1 
Rd8 15.c4 O-O 16.g4 Bxb5 17.Rxb5 b6 18.Bb2 Ne8 19.Rb3 Nd6 20.Qe2 f6 21.Rd1
Nf7 22.Rbd3 Rxd3 23.Rxd3 Qc6 24.h4 h6 25.f4 e5 26.g5 hxg5 27.hxg5 exf4 28.
gxf6 Re8 29.Qg4 g5 30.Rd5 Kf8 31.Rxg5 Nxg5 32.Qxg5 Qd7 33.Qh6+ Kf7 34.Qh7+
Ke6 35.Qe4+ Kf7 36.Qh7+ Ke6 37.Qe4+ Kf7 38.Qh7+ 1/2-1/2

[Event "33rd Rilton Cup"]
[Site "Stockholm SWE"]
[Date "2003.12.27"]
[Round "1.31"]
[White "Janse, Love"]
[Black "Eriksson, Johan"]
[Result "0-1"]
[WhiteElo "2152"]
[BlackElo "2414"]
[EventDate "2003.12.27"]
[PlyCount "50"]

1.e4 c5 2.f4 d5 3.exd5 Nf6 4.Bb5+ Nbd7 5.c4 a6 6.Bxd7+ Bxd7 7.Nf3 e6 8.
dxe6 Bxe6 9.d3 Be7 10.O-O O-O 11.Nc3 Bf5 12.Ne5 Qd4+ 13.Kh1 Rad8 14.Qf3 
Nd7 15.Qxb7 Nxe5 16.fxe5 Bxd3 17.Rd1 Qxe5 18.Nd5 Be4 19.Qxa6 Rxd5 20.cxd5 
Bd6 21.Kg1 Qxh2+ 22.Kf2 Qxg2+ 23.Ke3 Qf3+ 24.Kd2 Qf2+ 25.Qe2 Bf4+ 0-1

[Event "33rd Rilton Cup"]
[Site "Stockholm SWE"]
[Date "2003.12.27"]
[Round "1.33"]
[White "Aagaard, Jacob"]
[Black "Getta, Markus"]
[Result "1-0"]
[WhiteElo "2373"]
[BlackElo "2096"]
[EventDate "2003.12.27"]
[PlyCount "45"]

1.e4 c5 2.Nf3 d6 3.d4 cxd4 4.Nxd4 Nf6 5.Nc3 g6 6.Be3 Bg7 7.f3 Nc6 8.Qd2 
O-O 9.O-O-O Nxd4 10.Bxd4 Be6 11.Kb1 Qc7 12.h4 Rfc8 13.h5 Qa5 14.hxg6 hxg6 
15.a3 Rab8 16.Bd3 b5 17.Qg5 Qc7 18.e5 dxe5 19.Bxe5 Qc5 20.f4 Rb7 21.Bxg6 
fxg6 22.Qxg6 b4 23.Rh7 1-0

[Event "33rd Rilton Cup"]
[Site "Stockholm SWE"]
[Date "2003.12.27"]
[Round "1.34"]
[White "Johansson, Robin (1)"]
[Black "Gullaksen, Eirik"]
[Result "0-1"]
[WhiteElo "2095"]
[BlackElo "2370"]
[EventDate "2003.12.27"]
[PlyCount "50"]

1.e4 c5 2.Nf3 Nc6 3.b4 Nxb4 4.c3 Nc6 5.d4 cxd4 6.cxd4 g6 7.Nc3 Bg7 8.Be3 
d6 9.Bc4 Nf6 10.Bb3 Qa5 11.Qd2 O-O 12.h3 e5 13.Rd1 Qa6 14.dxe5 dxe5 15.Bc5
Re8 16.Ng5 Be6 17.Nxe6 fxe6 18.Qd3 Qa5 19.Be3 Rad8 20.Qc2 Nd4 21.Qb2 Nxe4 
22.Bd2 Nxd2 23.Rxd2 Bh6 24.Rd3 Nxb3 25.Rxd8 Rxd8 0-1

[Event "33rd Rilton Cup"]
[Site "Stockholm SWE"]
[Date "2003.12.27"]
[Round "1.35"]
[White "Hjelm, Niclas"]
[Black "Nystrom, Ragnar"]
[Result "1-0"]
[WhiteElo "2350"]
[BlackElo "2098"]
[EventDate "2003.12.27"]
[PlyCount "165"]

1.d4 Nf6 2.c4 e6 3.Nf3 d5 4.Nc3 Be7 5.Bf4 O-O 6.e3 c6 7.Qc2 Nbd7 8.Rd1 a6 
9.a3 b6 10.Bd3 Bb7 11.O-O Rc8 12.Qe2 a5 13.Rc1 c5 14.cxd5 exd5 15.Ba6 Bxa6
16.Qxa6 Nb8 17.Qb5 Re8 18.Rfd1 h6 19.h3 c4 20.Be5 Nbd7 21.Nxd5 Nxd5 22.
Qxd5 Nxe5 23.Qxe5 Bxa3 24.Qb5 Bd6 25.Nd2 Re6 26.Nxc4 Bb8 27.Nd2 Rf6 28.Nf3
Rc7 29.b4 Qc8 30.Rxc7 Qxc7 31.bxa5 bxa5 32.Rb1 Ba7 33.Qe8+ Kh7 34.Qe4+ Kg8
35.Qa8+ Kh7 36.Rb7 Qc1+ 37.Kh2 Bb6 38.Rxb6 Rxb6 39.Qxa5 Rb1 40.Qf5+ Kg8 
41.Qe5 Qc8 42.Qf4 Qb8 43.Qxb8+ Rxb8 44.Kg3 Kf8 45.Ne5 Rb2 46.h4 Ke7 47.Kf3
Ke6 48.Nd3 Rd2 49.Nf4+ Kd6 50.g4 Ra2 51.h5 Ke7 52.Ne2 Kf6 53.Nc3 Rb2 54.
Ne4+ Ke6 55.Nc5+ Kd5 56.Nd3 Rd2 57.Ne5 Ke6 58.Kg3 Kf6 59.Nf3 Ra2 60.Ng1 
Ke6 61.Nh3 Ra1 62.Kf3 Kd6 63.Ke4 Ra2 64.f3 Rb2 65.Nf4 Rf2 66.Nd3 Rg2 67.
Ne5 Ke7 68.d5 Rd2 69.Nd3 Rd1 70.Ne5 Rd2 71.f4 Rd1 72.Nc6+ Kd6 73.Nd4 Ke7 
74.Ke5 Rd3 75.Nf5+ Kf8 76.d6 Rd1 77.e4 Rd2 78.g5 hxg5 79.fxg5 g6 80.hxg6 
fxg6 81.Ne7 Kf7 82.Nc6 Rc2 83.d7 1-0

[Event "33rd Rilton Cup"]
[Site "Stockholm SWE"]
[Date "2003.12.27"]
[Round "1.36"]
[White "Backman, Michael"]
[Black "Molander, Riku"]
[Result "0-1"]
[WhiteElo "2106"]
[BlackElo "2324"]
[EventDate "2003.12.27"]
[PlyCount "108"]

1.d4 d5 2.c4 c6 3.Nf3 Nf6 4.e3 e6 5.Bd3 Bd6 6.O-O O-O 7.Nc3 Nbd7 8.e4 dxc4
9.Bxc4 e5 10.Re1 Qe7 11.h3 exd4 12.Nxd4 Ne5 13.Bb3 Rd8 14.Qe2 Bc7 15.Be3 
Ng6 16.Bc2 Nf4 17.Qf3 Qe5 18.Bxf4 Qxf4 19.Qxf4 Bxf4 20.Rad1 Bc7 21.Bb3 Re8
22.Nf3 Nd7 23.Rd2 h6 24.Rde2 Ne5 25.Nd4 Nd3 26.Rd1 Nf4 27.Re3 g6 28.Nf3 
Be6 29.Bxe6 Nxe6 30.e5 Red8 31.Red3 Nc5 32.Rd4 Rxd4 33.Rxd4 Rd8 34.Rxd8+ 
Bxd8 35.Ne1 Bg5 36.g3 Bc1 37.b4 Na6 38.Nd3 Bd2 39.Ne4 Bxb4 40.Nxb4 Nxb4 
41.a4 b6 42.f4 Nd5 43.Kf2 a5 44.Kf3 Kf8 45.g4 b5 46.Nc5 Nb6 47.axb5 cxb5 
48.Ke4 b4 49.Kd3 Ke7 50.f5 gxf5 51.gxf5 Nd7 52.Nxd7 Kxd7 53.Kc4 Kc6 54.f6 
Kd7 0-1

[Event "33rd Rilton Cup"]
[Site "Stockholm SWE"]
[Date "2003.12.27"]
[Round "1.39"]
[White "Bromann, Thorbjorn"]
[Black "Azizi, Haroon"]
[Result "1-0"]
[WhiteElo "2360"]
[BlackElo "2122"]
[EventDate "2003.12.27"]
[PlyCount "69"]

1.d4 d5 2.Nc3 Nf6 3.Bg5 Bf5 4.f3 Bg6 5.Nh3 Nbd7 6.Nf4 c6 7.Qd2 e5 8.dxe5 
Nxe5 9.Qe3 Bd6 10.Nxg6 d4 11.Qxd4 Nxg6 12.O-O-O Be5 13.Qxd8+ Rxd8 14.Rxd8+
Kxd8 15.e4 Ke7 16.Ne2 h6 17.Be3 Nd7 18.f4 Bc7 19.g3 Bb6 20.Bd2 Rd8 21.b3 
Nc5 22.Bg2 Nf8 23.Rd1 Nfe6 24.Bc3 f6 25.Rxd8 Bxd8 26.a4 a5 27.e5 fxe5 28.
Bxe5 Nd7 29.Bc3 Nf6 30.Nd4 Ne8 31.Nf5+ Kf7 32.Bf1 Bb6 33.Bc4 h5 34.Be5 g6 
35.Nh4 1-0

[Event "33rd Rilton Cup"]
[Site "Stockholm SWE"]
[Date "2003.12.27"]
[Round "1.43"]
[White "Eriksson, Jonas"]
[Black "Johnsen, Sylvia"]
[Result "1-0"]
[WhiteElo "2288"]
[BlackElo "2102"]
[EventDate "2003.12.27"]
[PlyCount "61"]

1.d4 d5 2.Nc3 Nf6 3.Bg5 Nbd7 4.e3 g6 5.f4 c6 6.Nf3 h5 7.Bd3 Ng4 8.Qe2 Ndf6
9.O-O-O Bg7 10.h3 Nh6 11.e4 dxe4 12.Nxe4 Nxe4 13.Bxe4 Nf5 14.Bxf5 Bxf5 15.
Nh4 f6 16.Nxf5 gxf5 17.Bh4 Qd6 18.Kb1 Qxf4 19.Rhe1 e5 20.dxe5 fxe5 21.g3 
Qb4 22.a3 Qc5 23.Qf3 O-O 24.Rd7 Qc4 25.Red1 e4 26.Qxh5 Rae8 27.Rxg7+ Kxg7 
28.Rd7+ Rf7 29.Bf6+ Kxf6 30.Qh6+ Ke5 31.Qd6# 1-0

[Event "33rd Rilton Cup"]
[Site "Stockholm SWE"]
[Date "2003.12.27"]
[Round "1.46"]
[White "Karlsen, Terje"]
[Black "Carstensen, Jacob"]
[Result "0-1"]
[WhiteElo "2083"]
[BlackElo "2280"]
[EventDate "2003.12.27"]
[PlyCount "66"]

1.e4 c5 2.Nf3 d6 3.d4 cxd4 4.Nxd4 Nf6 5.Nc3 a6 6.Bc4 e6 7.Bb3 Nbd7 8.f4 
Nc5 9.Qf3 b5 10.f5 e5 11.Nc6 Qc7 12.Nb4 Nxb3 13.cxb3 Bb7 14.Qd3 Qc5 15.a3 
Qd4 16.Qxd4 exd4 17.Ncd5 Nxd5 18.Nxd5 Bxd5 19.exd5 Kd7 20.Kd2 Re8 21.a4 b4
22.Kd3 Re5 23.Rf1 Be7 24.Kxd4 Bf6 25.Kc4 Re4+ 26.Kd3 Rd4+ 27.Ke2 Rxd5 28.
Be3 Re8 29.Rf3 Bg5 30.Kf2 Bxe3+ 31.Rxe3 Rd2+ 32.Kf3 Rxe3+ 33.Kxe3 Rxb2 0-1

[Event "33rd Rilton Cup"]
[Site "Stockholm SWE"]
[Date "2003.12.27"]
[Round "1.47"]
[White "Franssila, Tommi"]
[Black "Jantti, Petri"]
[Result "1-0"]
[WhiteElo "2273"]
[BlackElo "2087"]
[EventDate "2003.12.27"]
[PlyCount "61"]

1.d4 Nf6 2.Bg5 d5 3.Bxf6 exf6 4.e3 c5 5.c3 Bd6 6.dxc5 Bxc5 7.g3 Nc6 8.Bg2 
Be6 9.Ne2 Qd6 10.O-O O-O 11.Nf4 Rfd8 12.Nd2 b5 13.Nb3 Bb6 14.Nd4 a6 15.
Nxc6 Qxc6 16.Qe2 Ra7 17.Rfd1 Qc4 18.Bf1 Rad7 19.Qh5 Qc5 20.a4 b4 21.Nd3 
Qc8 22.a5 Bc5 23.cxb4 Ba7 24.Bh3 f5 25.Rac1 Rc7 26.Qh4 f6 27.Rxc7 Qxc7 28.
Rc1 Qb8 29.Qf4 d4 30.Qxb8 Rxb8 31.Rc7 1-0

[Event "33rd Rilton Cup"]
[Site "Stockholm SWE"]
[Date "2003.12.27"]
[Round "1.48"]
[White "Kulagin, Maxim"]
[Black "Malmstig, Erik"]
[Result "0-1"]
[WhiteElo "2056"]
[BlackElo "2277"]
[EventDate "2003.12.27"]
[PlyCount "110"]

1.e4 d6 2.d4 Nf6 3.Nc3 g6 4.Bg5 Bg7 5.Qd2 h6 6.Be3 c6 7.O-O-O Nbd7 8.f4 
Ng4 9.Nf3 Nxe3 10.Qxe3 Qa5 11.Kb1 b5 12.e5 dxe5 13.fxe5 b4 14.Ne4 Nb6 15.
Nc5 Nd5 16.Qb3 O-O 17.Bc4 Rd8 18.Rhe1 Rb8 19.e6 f5 20.Bxd5 Rxd5 21.c4 Rxc5
22.dxc5 Qxc5 23.Rd8+ Kh7 24.Qd3 Ra8 25.Rd1 Bf6 26.h4 Kg7 27.h5 g5 28.g4 
Bb7 29.Rxa8 Bxa8 30.gxf5 Bb7 31.Nh2 Qe5 32.Qc2 Qg3 33.Qe2 c5 34.Rd2 a5 35.
Ka1 a4 36.Qf2 Qxf2 37.Rxf2 a3 38.Re2 axb2+ 39.Kb1 Bd4 40.Re1 Bc6 41.Ng4 
Be8 42.Ne3 Bxh5 43.Nd5 Bg4 44.Nxe7 Bf6 45.Re4 h5 46.Rxg4 hxg4 47.Nd5 g3 
48.Ne3 Bd4 49.Ng2 Kf6 50.Kc2 Ke7 51.Kb1 Kd6 52.Kc2 Bf6 53.Kb1 Ke5 54.Kxb2 
Kxf5+ 55.Kc2 Ke4 0-1

[Event "33rd Rilton Cup"]
[Site "Stockholm SWE"]
[Date "2003.12.27"]
[Round "1.51"]
[White "Adler, Bo"]
[Black "Dalmau, Juan"]
[Result "0-1"]
[WhiteElo "2245"]
[BlackElo "2041"]
[EventDate "2003.12.27"]
[PlyCount "80"]

1.d4 f5 2.Bg5 g6 3.h4 h6 4.Bf4 Bg7 5.Nc3 Nf6 6.Qd2 d6 7.O-O-O Nc6 8.d5 Ne5
9.Bxe5 dxe5 10.Nf3 e4 11.Ne5 Ng4 12.Nxg4 fxg4 13.Nxe4 O-O 14.f4 e5 15.e3 
Bf5 16.Ng3 Bd7 17.Bd3 Qf6 18.c3 Rad8 19.h5 g5 20.Ne4 Qb6 21.fxg5 hxg5 22.
c4 Bf5 23.c5 Qh6 24.Ng3 e4 25.Rdf1 Bh7 26.Be2 Be5 27.Qe1 Qg7 28.Bxg4 Bxb2+
29.Kc2 Ba3 30.Qc3 Qxc3+ 31.Kxc3 Bxc5 32.Be6+ Kh8 33.Kd2 c6 34.Ke2 Bd6 35.
Rxf8+ Rxf8 36.Nf1 cxd5 37.Bxd5 Bf5 38.Kd2 Rc8 39.Nh2 Bb4+ 40.Kd1 Rd8 0-1

[Event "33rd Rilton Cup"]
[Site "Stockholm SWE"]
[Date "2003.12.27"]
[Round "1.52"]
[White "Osttveit, Martin"]
[Black "Friberg, Hans"]
[Result "1-0"]
[WhiteElo "2075"]
[BlackElo "2243"]
[EventDate "2003.12.27"]
[PlyCount "73"]

1.e4 e6 2.d3 d5 3.Nd2 g6 4.g3 Bg7 5.Bg2 Ne7 6.Ngf3 c5 7.O-O Nbc6 8.Re1 O-O
9.h4 b5 10.Qe2 a5 11.Nf1 dxe4 12.dxe4 Ba6 13.Rd1 Qb6 14.e5 Rad8 15.Bf4 
Rxd1 16.Rxd1 Nd5 17.h5 Nxf4 18.gxf4 Rd8 19.hxg6 hxg6 20.c3 Rxd1 21.Qxd1 
Qd8 22.Qe2 Ne7 23.a4 Qb6 24.axb5 Bxb5 25.Qd2 Bc6 26.Ne3 Nd5 27.Ng4 a4 28.
c4 Nb4 29.Ng5 Qc7 30.Qe3 Bxg2 31.Kxg2 Nc2 32.Qh3 Qb7+ 33.Kg1 Nd4 34.Qh7+ 
Kf8 35.Nf6 Nf3+ 36.Nxf3 Qxf3 37.Qg8+ 1-0

[Event "33rd Rilton Cup"]
[Site "Stockholm SWE"]
[Date "2003.12.27"]
[Round "1.53"]
[White "Livner, Anders"]
[Black "Horn, Emilia"]
[Result "1-0"]
[WhiteElo "2242"]
[BlackElo "2028"]
[EventDate "2003.12.27"]
[PlyCount "81"]

1.d4 d5 2.c4 c6 3.Nf3 Nf6 4.e3 a6 5.Nc3 b5 6.b3 Bg4 7.Be2 e6 8.O-O Bd6 9.
h3 Bxf3 10.Bxf3 O-O 11.Qc2 Qc8 12.e4 dxe4 13.Nxe4 Nxe4 14.Qxe4 Ra7 15.Bb2 
f5 16.Qe2 Re7 17.Rac1 Qd8 18.Rfe1 Qa5 19.Qc2 Bf4 20.Rcd1 Rfe8 21.g3 Bd6 
22.d5 cxd5 23.cxd5 e5 24.Qxf5 Qxa2 25.Rb1 Nd7 26.Qc2 Nc5 27.Re3 Qa5 28.Bh5
Rd8 29.Rbe1 Nd7 30.Bg4 Nf8 31.Kg2 Rde8 32.Qc6 Bb4 33.Ra1 Qd8 34.Rxa6 Rc7 
35.Qxb5 Bc5 36.d6 Bxd6 37.Qd5+ Rf7 38.Rxd6 Qa8 39.Qxa8 Rxa8 40.Bxe5 Rb8 
41.Rdd3 1-0

[Event "33rd Rilton Cup"]
[Site "Stockholm SWE"]
[Date "2003.12.27"]
[Round "1.54"]
[White "Johansson, Kent"]
[Black "Moen, Andreas"]
[Result "1/2-1/2"]
[WhiteElo "2027"]
[BlackElo "2239"]
[EventDate "2003.12.27"]
[PlyCount "80"]

1.d4 d5 2.c4 dxc4 3.e4 Nc6 4.Be3 e5 5.d5 Nce7 6.Bxc4 a6 7.a4 Nf6 8.Nc3 Ng6
9.h3 h5 10.Bg5 Be7 11.Qb3 O-O 12.Nge2 Nxd5 13.Bxe7 Ndxe7 14.Rd1 Qe8 15.Ng3
h4 16.Nge2 Qc6 17.O-O Qf6 18.Rd3 Qg5 19.Rf3 Nf4 20.Nxf4 exf4 21.Ne2 Ng6 
22.Kh2 Be6 23.Bxe6 fxe6 24.Nd4 Qe5 25.Nxe6 Rf7 26.Rd1 Qf6 27.Nxc7 Rf8 28.
Nd5 Qe6 29.Qd3 Ne5 30.Qd4 Nxf3+ 31.gxf3 Rc8 32.Rg1 b5 33.axb5 axb5 34.b3 
Qd6 35.Rg2 Rd8 36.Rg5 Re8 37.Rxg7+ Rxg7 38.Nf6+ Qxf6 39.Qxf6 Rf8 40.Qe6+ 
Kh8 1/2-1/2

[Event "33rd Rilton Cup"]
[Site "Stockholm SWE"]
[Date "2003.12.27"]
[Round "1.57"]
[White "Carlsson, Nils"]
[Black "Bodin, Stefan"]
[Result "1-0"]
[WhiteElo "2233"]
[BlackElo "2004"]
[EventDate "2003.12.27"]
[PlyCount "117"]

1.e4 Nc6 2.Nf3 e6 3.d3 d5 4.Nbd2 Nf6 5.Be2 dxe4 6.dxe4 Bc5 7.O-O e5 8.h3 
O-O 9.c3 a5 10.Qc2 h6 11.Bb5 Na7 12.Be2 Nc6 13.Nc4 Qe7 14.Ne3 Be6 15.Nh4 
g6 16.Nf3 Kg7 17.Rd1 Rad8 18.Rxd8 Rxd8 19.Nc4 Bc8 20.Bd2 Nh5 21.Rd1 Nf4 
22.Bxf4 exf4 23.Rxd8 Qxd8 24.Qa4 Qe7 25.Nxa5 Nxa5 26.Qxa5 Qxe4 27.Qxc5 
Qxe2 28.Qd4+ Kh7 29.Qxf4 Qe7 30.b4 Be6 31.Qe5 Qd7 32.a4 Qxa4 33.Qxc7 Qd1+ 
34.Kh2 Qd5 35.Qb6 Qe4 36.Qd4 Qc6 37.Ne5 Qc7 38.Kg1 Qc8 39.c4 f6 40.Ng4 
Bxg4 41.Qxg4 Qe8 42.Kh2 Kg7 43.Qf4 Qc6 44.c5 g5 45.Qf3 Qc7+ 46.g3 Qd7 47.
Qe4 h5 48.Qc4 Qc7 49.Kg1 Qe7 50.b5 Qd7 51.c6 bxc6 52.Qxc6 Qxh3 53.b6 h4 
54.b7 hxg3 55.Qc7+ Kg6 56.Qxg3 Qd7 57.b8=Q Qd1+ 58.Kg2 Qd5+ 59.Kh2 1-0

[Event "33rd Rilton Cup"]
[Site "Stockholm SWE"]
[Date "2003.12.27"]
[Round "1.58"]
[White "Lardot, Derik"]
[Black "Marttala, Thomas"]
[Result "0-1"]
[WhiteElo "2014"]
[BlackElo "2227"]
[EventDate "2003.12.27"]
[PlyCount "56"]

1.e4 g6 2.d4 Bg7 3.g3 c5 4.dxc5 Qa5+ 5.c3 Qxc5 6.Be3 Qc6 7.Qd5 Nf6 8.Qxc6 
Nxc6 9.f3 d5 10.Nd2 O-O 11.O-O-O Be6 12.exd5 Nxd5 13.Bf2 Rac8 14.a3 Na5 
15.Ne2 Bxc3 16.Nxc3 Nxc3 17.bxc3 Rxc3+ 18.Kb2 Rfc8 19.Bc4 R3xc4 20.Nxc4 
Nxc4+ 21.Ka1 Nxa3 22.Rc1 Nc4 23.Rhd1 f6 24.Rd4 b5 25.Rcd1 Kf7 26.Rd8 Rc6 
27.Kb1 Bf5+ 28.Ka2 Bc2 0-1

[Event "33rd Rilton Cup"]
[Site "Stockholm SWE"]
[Date "2003.12.27"]
[Round "1.59"]
[White "Edlund, Robin"]
[Black "Egeland, Marte"]
[Result "1-0"]
[WhiteElo "2227"]
[BlackElo "1990"]
[EventDate "2003.12.27"]
[PlyCount "53"]

1.e4 d5 2.exd5 Nf6 3.Bb5+ Bd7 4.Be2 Nxd5 5.d4 g6 6.Nf3 Bg7 7.O-O O-O 8.c4 
Nb6 9.h3 Nc6 10.Be3 Bf5 11.Nc3 Qd7 12.Rc1 Rad8 13.d5 Ne5 14.Nxe5 Bxe5 15.
g4 h5 16.gxf5 Qxf5 17.Kg2 c6 18.Bd3 Qd7 19.Qf3 Nc8 20.Rfd1 cxd5 21.Nxd5 
Qe6 22.Re1 Qa6 23.Bg5 Bxb2 24.Rb1 Ba3 25.Bh6 Rfe8 26.Nc7 Rxd3 27.Qxd3 1-0

[Event "33rd Rilton Cup"]
[Site "Stockholm SWE"]
[Date "2003.12.27"]
[Round "1.60"]
[White "Kopasov, Evgeny"]
[Black "Gustafsson, Stefan"]
[Result "1/2-1/2"]
[WhiteElo "2154"]
[BlackElo "1980"]
[EventDate "2003.12.27"]
[PlyCount "62"]

1.d4 Nf6 2.c4 e6 3.Nf3 b6 4.a3 Bb7 5.Nc3 d5 6.cxd5 exd5 7.g3 Bd6 8.Bg2 O-O
9.O-O Re8 10.Bg5 Nbd7 11.Rc1 h6 12.Bxf6 Nxf6 13.Nb5 Qd7 14.Nxd6 cxd6 15.
Re1 Rac8 16.Qd3 Bc6 17.e3 Bb5 18.Qb1 Ne4 19.Rxc8 Rxc8 20.Rc1 g6 21.Rc2 Kg7
22.Qc1 Rxc2 23.Qxc2 Qf5 24.Ne1 Qe6 25.Qc1 Ng5 26.h4 Nh3+ 27.Bxh3 Qxh3 28.
Ng2 Be2 29.Nf4 Qg4 30.Nxe2 Qxe2 31.Kg2 Qd3 1/2-1/2

[Event "33rd Rilton Cup"]
[Site "Stockholm SWE"]
[Date "2003.12.27"]
[Round "1.61"]
[White "Penttila, Tero"]
[Black "Kosmo, Santul"]
[Result "1/2-1/2"]
[WhiteElo "1983"]
[BlackElo "2218"]
[EventDate "2003.12.27"]
[PlyCount "73"]

1.e4 c5 2.Nf3 d6 3.d4 cxd4 4.Nxd4 Nf6 5.Nc3 Nc6 6.Bg5 e6 7.Qd2 a6 8.O-O-O 
Bd7 9.Kb1 Be7 10.f4 b5 11.Bxf6 Bxf6 12.Nxc6 Bxc6 13.Qxd6 Qxd6 14.Rxd6 Rc8 
15.e5 Be7 16.Rd2 g5 17.Ne2 Rg8 18.Nd4 gxf4 19.a4 bxa4 20.Bxa6 Ra8 21.Nxc6 
Rxa6 22.Nxe7 Kxe7 23.Rf1 Rg5 24.Rxf4 Rxe5 25.Rdf2 f5 26.Rh4 Rb5 27.Rxh7+ 
Kf6 28.Ka2 Kg6 29.Rc7 e5 30.Re2 f4 31.c4 Rba5 32.h3 Kf5 33.Rh7 Kg6 34.Re7 
Kf6 35.Rh7 Kg6 36.Re7 Kf5 37.Rh7 1/2-1/2

[Event "33rd Rilton Cup"]
[Site "Stockholm SWE"]
[Date "2003.12.27"]
[Round "1.62"]
[White "Eriksson, Jorgen"]
[Black "Breen, Veronica"]
[Result "1-0"]
[WhiteElo "2217"]
[BlackElo "1998"]
[EventDate "2003.12.27"]
[PlyCount "61"]

1.d4 Nf6 2.Bg5 Ne4 3.Bf4 c5 4.d5 Qb6 5.Nd2 Nxd2 6.Bxd2 e6 7.e4 Be7 8.Bc3 
exd5 9.exd5 O-O 10.Qf3 Na6 11.O-O-O Nc7 12.Bd3 Bg5+ 13.Kb1 Nb5 14.Bxb5 
Qxb5 15.Nh3 Bh6 16.g4 f6 17.Rhe1 d6 18.Nf4 Bxf4 19.Qxf4 Qd7 20.h3 b5 21.
Re6 b4 22.Rxd6 Qb5 23.Bd2 c4 24.Be3 b3 25.axb3 cxb3 26.cxb3 Qxb3 27.Rd2 
Rb8 28.Rc6 Rb4 29.Qd6 Ra4 30.Rdc2 Qd3 31.Rxc8 1-0

[Event "33rd Rilton Cup"]
[Site "Stockholm SWE"]
[Date "2003.12.27"]
[Round "1.63"]
[White "Helin, Mikael"]
[Black "Agafonovs, Jurijs"]
[Result "1-0"]
[WhiteElo "1971"]
[BlackElo "2213"]
[EventDate "2003.12.27"]
[PlyCount "66"]

1.e4 c6 2.d4 d5 3.f3 dxe4 4.fxe4 e5 5.Nf3 exd4 6.Bc4 Nf6 7.O-O Bg4 8.Bxf7+
Kxf7 9.Ne5+ Kg8 10.Nxg4 Nxg4 11.Qxg4 Qe8 12.c3 dxc3 13.Nxc3 Nd7 14.Be3 h5 
15.Qh3 Ne5 16.Rad1 b6 17.Kh1 Bb4 18.Ne2 Ng4 19.Bd4 c5 20.Qb3+ Kh7 21.Bg1 
Nf6 22.a3 Ba5 23.Rf4 Rf8 24.Qc2 Kh8 25.b4 cxb4 26.axb4 g5 27.Rxf6 Rxf6 28.
bxa5 Re6 29.Ng3 bxa5 30.Nf5 Qf7 31.Qa4 Rae8 32.Qa1+ Re5 33.Bd4 Qf6 1-0

[Event "33rd Rilton Cup"]
[Site "Stockholm SWE"]
[Date "2003.12.27"]
[Round "1.67"]
[White "Asberg, Anders"]
[Black "Ong, Kezli"]
[Result "1-0"]
[WhiteElo "1886"]
[BlackElo "2184"]
[EventDate "2003.12.27"]
[PlyCount "71"]

1.e4 e5 2.Nc3 Nf6 3.Bc4 Nc6 4.d3 Bb4 5.Bg5 h6 6.Bh4 g5 7.Bg3 d5 8.exd5 
Nxd5 9.Bxd5 Qxd5 10.Qf3 Qe6 11.O-O-O Bxc3 12.bxc3 f5 13.Qh5+ Kf8 14.f3 
Qxa2 15.h4 gxh4 16.Qxh4 Qa3+ 17.Kd2 Qe7 18.Qh2 f4 19.Bh4 Qc5 20.Re1 b5 21.
Bf6 Rh7 22.Qh5 b4 23.Bxe5 Nxe5 24.Qxe5 bxc3+ 25.Qxc3 Qxc3+ 26.Kxc3 Rg7 27.
Rxh6 Rxg2 28.Rf6+ Kg7 29.Rxf4 a5 30.Re7+ Kg6 31.Re8 Kg7 32.Rff8 Rxg1 33.
Rxc8 Rxc8 34.Rxc8 Kf6 35.Rxc7 Rg5 36.Rc6+ 1-0

[Event "33rd Rilton Cup"]
[Site "Stockholm SWE"]
[Date "2003.12.27"]
[Round "1.69"]
[White "Jiretorn, Eva"]
[Black "Leino, Jukka"]
[Result "1/2-1/2"]
[WhiteElo "2146"]
[BlackElo "2215"]
[EventDate "2003.12.27"]
[PlyCount "93"]

1.d4 Nf6 2.c4 e6 3.Nf3 d5 4.g3 Bb4+ 5.Bd2 Be7 6.Bg2 O-O 7.Qc2 Nbd7 8.O-O 
c6 9.b3 b6 10.Nc3 Ba6 11.Bc1 Rc8 12.Nd2 c5 13.dxc5 Bxc5 14.a3 Bd4 15.Bb2 
Bxc3 16.Qxc3 b5 17.Qd4 bxc4 18.bxc4 Bxc4 19.Nxc4 Rxc4 20.Qxa7 Rc2 21.Bxf6 
Nxf6 22.Qa6 Qa8 23.Qd3 Rfc8 24.a4 R8c3 25.Qb5 Rc5 26.Qd3 R2c3 27.Qd2 Rc2 
28.Qd3 R2c3 29.Qd2 Rc2 30.Qd3 R2c4 31.Rfb1 g6 32.h3 Kg7 33.Qb3 Qa5 34.e3 
Qd2 35.Rd1 Qa5 36.Bf3 Rc3 37.Qb7 R3c4 38.Qe7 Rc7 39.Qd6 Ra7 40.g4 Qc7 41.
Qxc7 Rcxc7 42.g5 Ne8 43.Rd4 Nd6 44.e4 Nxe4 45.Bxe4 dxe4 46.Rxe4 Rc5 47.h4 
1/2-1/2

[Event "33rd Rilton Cup"]
[Site "Stockholm SWE"]
[Date "2003.12.28"]
[Round "2.26"]
[White "Bellon Lopez, Juan Manuel"]
[Black "Osttveit, Martin"]
[Result "0-1"]
[WhiteElo "2423"]
[BlackElo "2075"]
[EventDate "2003.12.27"]
[PlyCount "114"]

1.b3 d5 2.Nf3 Nf6 3.Bb2 e6 4.e3 Nbd7 5.d3 Bd6 6.Nbd2 Qe7 7.c4 O-O 8.Qc2 c6
9.g3 e5 10.Bg2 Re8 11.O-O h6 12.a4 a5 13.Rac1 Nf8 14.Rfe1 g5 15.d4 e4 16.
Ne5 g4 17.Qd1 Ng6 18.Nxg6 fxg6 19.Nb1 Bd7 20.Re2 h5 21.Rec2 h4 22.Nc3 hxg3
23.fxg3 Qh7 24.cxd5 cxd5 25.Rf2 Kg7 26.Rxf6 Kxf6 27.Nxd5+ Kg5 28.Qd2 Bf5 
29.Nf4 Qf7 30.Rc4 Kh6 31.d5 Rad8 32.Qxa5 Bxf4 33.gxf4 Qxd5 34.Qc3 Qf7 35.
Rc7 Rd7 36.Rxd7 Qxd7 37.Bf1 Qe7 38.a5 Rc8 39.Bc4 Rd8 40.Bd5 Rc8 41.Qd4 Rd8
42.Qc3 Rc8 43.Bc4 g5 44.fxg5+ Qxg5 45.Qd4 Bg6 46.Be2 Rg8 47.Bc3 g3 48.h3 
Qf5 49.Qf6 Qxf6 50.Bxf6 Bf5 51.Bg4 Bxg4 52.hxg4 Rxg4 53.Kg2 Kh5 54.b4 Rg6 
55.Be5 Kh4 56.b5 Kg4 57.Bc7 Rg5 0-1

[Event "33rd Rilton Cup"]
[Site "Stockholm SWE"]
[Date "2003.12.28"]
[Round "2.27"]
[White "Eriksson, Johan"]
[Black "Helin, Mikael"]
[Result "1-0"]
[WhiteElo "2414"]
[BlackElo "1971"]
[EventDate "2003.12.27"]
[PlyCount "37"]

1.d4 Nf6 2.Nf3 c5 3.e3 e6 4.c4 b5 5.cxb5 a6 6.Nc3 axb5 7.Bxb5 Bb7 8.O-O 
Ng4 9.h3 h5 10.d5 Qc7 11.e4 Bd6 12.Bc4 Ra5 13.Nb5 Rxb5 14.Bxb5 f5 15.exf5 
exd5 16.Re1+ Kd8 17.Bg5+ Kc8 18.Qe2 Qb6 19.Qe8+ 1-0